[Event "Barcelona Tres Peons op 13th"]
[Site "Barcelona"]
[Date "2011.01.07"]
[Round "1"]
[White "Gonzalez Verges, Alex"]
[Black "Gisbert Portis, Pau"]
[Result "1-0"]
[WhiteElo "2166"]
[BlackElo "1797"]
[PlyCount "84"]
[EventDate "2011.01.07"]
[EventType "swiss"]
[EventRounds "9"]
[EventCountry "ESP"]
[SourceTitle "EXT 2012"]
[Source "ChessBase"]
[SourceDate "2011.11.24"]
[SourceVersion "1"]
[SourceVersionDate "2011.11.24"]
[SourceQuality "1"]

1. e4 e5 2. Nc3 Nf6 3. Bc4 Nxe4 4. Qh5 Nd6 5. Bb3 g6 6. Qxe5+ Qe7 7. Qxe7+ Bxe7 8. Nd5 Bd8 9. Nf3 c6 10. Ne3 0-0 11. 0-0 Bf6 12. c3 Ne4 13. Ng4 d5 14. Nxf6+ Nxf6 15. Nd4 Nbd7 16. d3 Ne5 17. Bg5 Kg7 18. Rad1 Bd7 19. h3 c5 20. f4 Nxd3 21. Rxd3 cxd4 22. Rxd4 Rfe8 23. Bxf6+ Kxf6 24. Bxd5 Bb5 25. Rf2 Rad8 26. Rfd2 b6 27. Kf2 h5 28. g4 hxg4 29. hxg4 Rg8 30. g5+ Kg7 31. Kg3 Rde8 32. Re4 f5 33. Rxe8 Rxe8 34. c4 Ba6 35. Kf2 Rc8 36. b3 b5 37. Rc2 bxc4 38. bxc4 Kf8 39. Ke3 Ke7 40. Kd4 Rh8 41. Re2+ Kd7 42. Re6 Rh4 1-0

[Event "Cerdanyola del Valles op-A 24th"]
[Site "Cerdanyola del Valles"]
[Date "2006.11.04"]
[Round "6.7"]
[White "Gisbert Portis, Pau"]
[Black "Vales Segura, Gerard"]
[Result "0-1"]
[WhiteElo "1930"]
[BlackElo "2145"]
[PlyCount "58"]
[EventDate "2006.09.30"]
[EventType "swiss"]
[EventRounds "8"]
[EventCountry "ESP"]
[SourceTitle "EXT 2024"]
[Source "ChessBase"]
[SourceDate "2023.10.10"]
[SourceVersion "1"]
[SourceVersionDate "2023.10.10"]
[SourceQuality "1"]

1. e4 e6 2. d4 d5 3. Nd2 dxe4 4. Nxe4 Nf6 5. Ng3 b6 6. Nf3 Bb7 7. Be2 c5 8. 0-0 Nc6 9. c3 Qc7 10. Be3 Nd5 11. a3 cxd4 12. Bxd4 0-0-0 13. Rc1 e5 14. b4 exd4 15. cxd4 a6 16. Qb3 Kb8 17. b5 axb5 18. Bxb5 Na5 19. Qd3 Qe7 20. Ne5 f6 21. Nf5 Qe6 22. Nc4 Nxc4 23. Bxc4 g6 24. Ng3 Qd6 25. Rb1 Nc7 26. Qc2 Qc6 27. f3 Rxd4 28. Rfc1 Qc5 29. Kh1 Bh6 0-1